<?xml version="1.0" encoding="UTF-8"?>
<record
    xmlns:xsi="http://www.w3.org/2001/XMLSchema-instance"
    xsi:schemaLocation="http://www.loc.gov/MARC21/slim http://www.loc.gov/standards/marcxml/schema/MARC21slim.xsd"
    xmlns="http://www.loc.gov/MARC21/slim">

  <leader>00926nam a22001937a 4500</leader>
  <controlfield tag="005">20250203162759.0</controlfield>
  <datafield tag="010" ind1=" " ind2=" ">
    <subfield code="a">HIN-129409</subfield>
  </datafield>
  <datafield tag="020" ind1=" " ind2=" ">
    <subfield code="c">299.00</subfield>
    <subfield code="a">9789357048859</subfield>
  </datafield>
  <datafield tag="035" ind1=" " ind2=" ">
    <subfield code="a">HN-101755</subfield>
  </datafield>
  <datafield tag="037" ind1=" " ind2=" ">
    <subfield code="b">DBAD</subfield>
  </datafield>
  <datafield tag="082" ind1=" " ind2=" ">
    <subfield code="a">613.7046</subfield>
    <subfield code="2"> </subfield>
  </datafield>
  <datafield tag="100" ind1=" " ind2=" ">
    <subfield code="a">&#x926;&#x941;&#x927;&#x947;&#x932;&#x93F;&#x92F;&#x93E;, &#x935;&#x93F;&#x91C;&#x92F;&#x915;&#x941;&#x92E;&#x93E;&#x930; </subfield>
    <subfield code="9">77357</subfield>
  </datafield>
  <datafield tag="245" ind1=" " ind2=" ">
    <subfield code="a">&#x92F;&#x94B;&#x917;&#x936;&#x948;&#x932;&#x940; /</subfield>
    <subfield code="c">&#x935;&#x93F;&#x91C;&#x92F;&#x915;&#x941;&#x92E;&#x93E;&#x930; &#x926;&#x941;&#x927;&#x947;&#x932;&#x93F;&#x92F;&#x93E;</subfield>
  </datafield>
  <datafield tag="250" ind1=" " ind2=" ">
    <subfield code="a">&#x92A;&#x94D;&#x930;&#x925;&#x92E;</subfield>
  </datafield>
  <datafield tag="260" ind1=" " ind2=" ">
    <subfield code="b">&#x92C;&#x94D;&#x932;&#x941;&#x930;&#x94B;&#x91C;&#x93C; &#x92A;&#x92C;&#x94D;&#x932;&#x93F;&#x936;&#x930;&#x94D;&#x938;</subfield>
    <subfield code="c">2023</subfield>
    <subfield code="a">&#x928;&#x94B;&#x90F;&#x921;&#x93E; (&#x909;.&#x92A;&#x94D;&#x930;.)</subfield>
  </datafield>
  <datafield tag="270" ind1=" " ind2=" ">
    <subfield code="a">&#x92C;&#x940;-6, &#x90F; &#x92C;&#x940; &#x932; &#x935;&#x930;&#x94D;&#x915;&#x938;&#x94D;&#x92A;&#x947;&#x938;, &#x930;&#x93E;&#x92E;&#x928;&#x93E;&#x925; &#x917;&#x94B;&#x90F;&#x902;&#x915;&#x93E; &#x92E;&#x93E;&#x930;&#x94D;&#x917;, &#x938;&#x947;&#x915;&#x94D;&#x91F;&#x930; 4, &#x928;&#x94B;&#x90F;&#x921;&#x93E;</subfield>
    <subfield code="b">&#x928;&#x94B;&#x90F;&#x921;&#x93E; (&#x909;.&#x92A;&#x94D;&#x930;.)</subfield>
    <subfield code="e">201301</subfield>
    <subfield code="k">8882898898</subfield>
    <subfield code="m">info@bluerosepublishers.com  </subfield>
  </datafield>
  <datafield tag="300" ind1=" " ind2=" ">
    <subfield code="a">154&#x92A;&#x943;.</subfield>
    <subfield code="c">20&#x938;&#x947;&#x92E;&#x940;.(&#x905;&#x91C;&#x93F;&#x932;&#x94D;&#x926;)</subfield>
  </datafield>
  <datafield tag="942" ind1=" " ind2=" ">
    <subfield code="2">ddc</subfield>
    <subfield code="c">HN</subfield>
    <subfield code="h">613.7046</subfield>
    <subfield code="m">&#x926;&#x941;&#x927;&#x947;&#x932;&#x93F;</subfield>
  </datafield>
  <datafield tag="999" ind1=" " ind2=" ">
    <subfield code="c">208919</subfield>
    <subfield code="d">208919</subfield>
  </datafield>
  <datafield tag="952" ind1=" " ind2=" ">
    <subfield code="0">0</subfield>
    <subfield code="1">0</subfield>
    <subfield code="4">0</subfield>
    <subfield code="7">0</subfield>
    <subfield code="8">NFIC</subfield>
    <subfield code="a">VP</subfield>
    <subfield code="b">VP</subfield>
    <subfield code="d">2025-02-03</subfield>
    <subfield code="e">DBAD</subfield>
    <subfield code="g">299.00</subfield>
    <subfield code="l">0</subfield>
    <subfield code="o">613.7046 &#x926;&#x941;&#x927;&#x947;&#x932;&#x93F;</subfield>
    <subfield code="p">HN-101755</subfield>
    <subfield code="r">2025-02-03 00:00:00</subfield>
    <subfield code="t">1</subfield>
    <subfield code="v">299.00</subfield>
    <subfield code="w">2025-02-03</subfield>
    <subfield code="y">HN</subfield>
  </datafield>
</record>
